Agroekonomika

Na minha lista:
Detalhes bibliográficos
Formato: Periódico
Idioma:eslovaco
Publicado em: Bratislava Príroda
Assuntos:
Tags: Adicionar Tag
Sem tags, seja o primeiro a adicionar uma tag!

MARC

LEADER 00000nas1a22000001 4500
001 s120310
005 20190109154006.8
022 |a 0323-2670 
041 0 |a slo 
044 |a SK 
245 1 0 |a Agroekonomika 
264 1 |a Bratislava  |b Príroda 
500 |a Do roku 1991 pod názvom: Ekonomika poľnohospodárstva 
610 2 0 |a poľnohospodárstvo 
610 2 0 |a politika poľnohospodárska